| 000 | 02313cam a22004694i 4500 | ||
|---|---|---|---|
| 003 | PE-LiUPU | ||
| 005 | 20250731172736.0 | ||
| 008 | 150617s1960 ag r 000 0 spa d | ||
| 035 | _a(Sirsi) a11748 | ||
| 040 |
_aPE-LiUPU _bspa _cPE-LiUPU _erda |
||
| 049 | _aPRUA | ||
| 082 | 0 | 4 |
_a220.1 _bB19 _221 |
| 100 | 1 |
_aBamberger, Bernard J., _eautor. |
|
| 245 | 1 | 3 |
_aLa Biblia : _bun enfoque judío moderno / _cBernard J. Bamberger. |
| 264 | 1 |
_aBuenos Aires : _bEditorial Paidós, _c1960. |
|
| 300 |
_a137 páginas ; _c17 centímetros. |
||
| 336 |
_atext _2rdacontent |
||
| 337 |
_aunmediated _2rdamedia |
||
| 338 |
_avolume _2rdacarrier |
||
| 490 | 0 |
_aBiblioteca del hombre contemporáneo ; _v99 |
|
| 505 | 0 | _a¿Tiene valor la Biblia para el hombre? -- La Biblia en la civilización occidental -- La influencia bíblica sobre el lenguaje, la literatura y las artes -- El redescubrimiento del mundo bíblico -- Hallazgos arqueológicos en el Cercano oriente -- La originalidad de la Biblia es puesta en duda -- Desafío a los tiranos -- Despotismo en el antiguo Oriente -- El descubrimiento de la humanidad -- El intento por restringir la esclavitud -- El Dios de Sinaí -- Dios y su distinción de la naturaleza -- Las deficiencias -- ¿Qué es la crítica de la Biblia? -- Cómo ayuda el método crítico -- Un pequeño índice -- El orden, nombres y contenido de los libros bíblicos -- Forma de vida -- Es la Biblia la palabra de Dios -- El pueblo elegido -- La elección de Israel. | |
| 526 | _aSEG42 | ||
| 526 | _aSEG41 | ||
| 526 | _aSEG40 | ||
| 526 | _aSEG39 | ||
| 526 | _aP94 | ||
| 526 | _aP87 | ||
| 526 | _aP86 | ||
| 526 | _aP85 | ||
| 526 | _aP77 | ||
| 526 | _aP76 | ||
| 526 | _aP35 | ||
| 630 |
_aBiblia _xAutoridad, testimonio, etc. _91514 |
||
| 650 | 0 | 4 |
_aRevelación en la biblia. _94406 |
| 910 |
_ajck _bjvq _cjck _d20150616 |
||
| 942 |
_2ddc _cBOOK |
||
| 949 |
_a220.1 B19 _wDEWEY _c1 _i07673 _lCCODEBUL1 _mBUL _p00.00 _r0 _sY _tBOOK _u19930125 _xTEOLOGIA _PP35 _0COMPRA _o.STAFF. Colección General |
||
| 994 |
_aC0 _bPEPRU |
||
| 596 | _a1 | ||
| 999 |
_a220.1 B19 _wDEWEY _c1929 _i07673 _d1929 _f2021-11-9 _g5 _lCCODEBUL1 _mBUL _p22.00 _q1 _r0 _sY _tBOOK _u2015-6-17 _xTEOLOGIA _PP35 _0COMPRA _o.STAFF. Colección Teología |
||
| 980 |
_81 _gALBERTO SANCHEZ Responsable de Automatización |
||